书目信息 |
| 题名: |
分析化学的明天
|
|
| 作者: | 梁文平 , 庄乾坤 主编 ;国家自然科学基金委员会化学科学部 组编 | |
| 分册: | ||
| 出版信息: | 北京 科学出版社 2003.9 |
|
| 页数: | 388页 | |
| 开本: | 24cm | |
| 丛书名: | ||
| 单 册: | ||
| 中图分类: | O65 | |
| 科图分类: | ||
| 主题词: | 分析化学--远景--研究 | |
| 电子资源: | ||
| ISBN: | 7-03-011743-3 | |
| 000 | 00846nam0 2200241 45 | |
| 001 | 012004000000 | |
| 005 | 20050104094413.61 | |
| 010 | @a7-03-011743-3@b精装@dCNY 50.00 | |
| 100 | @a20041210d2003 em y0chiy0121 ea | |
| 101 | 0 | @achi |
| 102 | @aCN@b110000 | |
| 105 | @aak z 000yy | |
| 200 | 1 | @a分析化学的明天@Afen xi hua xue de ming tian@e学科发展前沿与挑战@f梁文平, 庄乾坤主编@g国家自然科学基金委员会化学科学部组编 |
| 210 | @a北京@c科学出版社@d2003.9 | |
| 215 | @a388页@c图, 表格@d24cm | |
| 517 | 1 | @a学科发展前沿与挑战 |
| 606 | 0 | @a分析化学@x远景@x研究 |
| 690 | @aO65@v4 | |
| 701 | 0 | @a梁文平@Aliang wen ping@4主编 |
| 701 | 0 | @a庄乾坤@Azhuang qian kun@4主编 |
| 712 | 02 | @a国家自然科学基金委员会化学科学部@Aguo jia zi ran ke xue ji jin wei yuan hui hua xue ke xue bu@4组编 |
| 801 | 0 | @aCN@bQSSKw@c20050104 |
| 905 | @a10447@dO65@eL415 | |
| 分析化学的明天:学科发展前沿与挑战/梁文平, 庄乾坤主编/国家自然科学基金委员会化学科学部组编.-北京:科学出版社,2003.9 |
| 388页:图, 表格;24cm |
| ISBN 7-03-011743-3(精装):CNY 50.00 |
| ● |
| 相关链接 |
|
|
|
正题名:分析化学的明天
索取号:O65/L415
 
预约/预借
| 序号 | 登录号 | 条形码 | 馆藏地/架位号 | 状态 | 备注 |
| 1 | 433926 | 204339260 | 自科库401/401自科库 65排2列2层/ [索取号:O65/L415] | 在馆 | |
| 2 | 433927 | 204339279 | 自科库401/401自科库 65排2列2层/ [索取号:O65/L415] | 在馆 |